000
00319nam a22001337a 4500
008
240404b |||||||| |||| 00| 0 eng d
020
_a
9781529022148
082
_a
813.54
100
_a
Stell, Danielle.
245
_a
The High Notes:
_b
A stare is Born
300
_a
291 p.;
_c
19.7 Cm.
942
_2
ddc
999
_c
9828
_d
9829